Normal view
MARC view
Entry Personal Name
001 - CONTROL NUMBER
- control field: 70046
003 - CONTROL NUMBER IDENTIFIER
- control field: dpl
005 - DATE AND TIME OF LATEST TRANSACTION
- control field: 20240814152213.0
008 - FIXED-LENGTH DATA ELEMENTS
- fixed length control field: 240814|| aca||aabn | a|a d
040 ## - CATALOGING SOURCE
- Original cataloging agency: dpl
- Transcribing agency: dpl
100 ## - HEADING--PERSONAL NAME
- Personal name: विमला देवी
670 ## - SOURCE DATA FOUND
- Source citation: Work cat.: (dpl)205044: विमला देवी, भारतीय सेन्य नेतृत्व /, 2022
